Intermediate Microeconomics (Record no. 16413)

MARC details
000 -LEADER
fixed length control field 00576nam a22001937a 4500
008 - FIXED-LENGTH DATA ELEMENTS--GENERAL INFORMATION
fixed length control field 260422b |||||||| |||| 00| 0 eng d
020 ## - INTERNATIONAL STANDARD BOOK NUMBER
International Standard Book Number 9788199452534
Price 440
040 ## - CATALOGING SOURCE
Original Cataloguing agency Sibsagar Commerce College Central Library
041 ## - LANGUAGE CODE
Language code of text/sound track or separate title English
082 ## - DEWEY DECIMAL CLASSIFICATION NUMBER
Classification number 338.5
Book Number AHM
100 ## - MAIN ENTRY--PERSONAL NAME
Personal name Ahmed, R.
Fuller form of name Dr. Rofique
245 ## - TITLE STATEMENT
Title Intermediate Microeconomics
260 ## - PUBLICATION, DISTRIBUTION, ETC.
Place of publication, distribution, etc. Jorhat
Name of publisher, distributor, etc. Dr. Rofique Ahmed on behalf of "North East Institute of Research Consultancy and Publications"
Date of publication, distribution, etc. 2025
300 ## - PHYSICAL DESCRIPTION
Pages 304 p. ;
Dimensions 14 x 22 cm
505 ## - FORMATED CONTENTS NOTE
Formated content notes NEP<br/>4th Semester<br/>Major
650 ## - Subject
Subject Economics
942 ## - ADDED ENTRY ELEMENTS (KOHA)
Source of classification or shelving scheme Dewey Decimal Classification
Koha item type Books
Holdings
Withdrawn status Lost status Source of classification or shelving scheme Damaged status Not for loan Collection code Home library Current library Shelving location Date acquired Source of acquisition Cost, normal purchase price Total Checkouts Full call number Barcode Date last seen Cost, replacement price Price effective from Koha item type
    Dewey Decimal Classification     Economics Sibsagar Commerce College Central Library Sibsagar Commerce College Central Library General Stacks 10/04/2026 Kitap Ghar 440.00   338.5 AHM 29229 22/04/2026 880.00 22/04/2026 Books
    Dewey Decimal Classification     Economics Sibsagar Commerce College Central Library Sibsagar Commerce College Central Library General Stacks 10/04/2026 Kitap Ghar 440.00   338.5 AHM 29230 22/04/2026 880.00 22/04/2026 Books


Sibsagar Commerce College © 2020. All rights reserved.
Powered by Koha.
Hosted by LIBKART.